|
|
|
|
| LEADER |
01126nam a2200349 a 4500 |
| 001 |
nkc20081825148 |
| 003 |
CZ PrNK |
| 005 |
20100810073810.0 |
| 007 |
ta |
| 008 |
081021s2008 xr a g 000 p cze |
| 015 |
|
|
|a cnb001825148
|
| 020 |
|
|
|a 978-80-254-3273-0
|q (brož.)
|
| 035 |
|
|
|a (OCoLC)655133438
|
| 040 |
|
|
|a OLA001
|b cze
|d ABA001
|
| 072 |
|
7 |
|a 821.162.3-1
|x Česká poezie
|2 Konspekt
|9 25
|
| 080 |
|
|
|a 821.162.3-1
|2 MRF
|
| 080 |
|
|
|a (0:82-1)
|2 MRF
|
| 080 |
|
|
|a (082.21)
|2 MRF
|
| 100 |
1 |
|
|a Kovářová, Monika
|7 ola2010584140
|4 aut
|
| 245 |
1 |
0 |
|a Něco jako básně /
|c Monika Kovářová ; [fotografie Jakub Sobotka]
|
| 260 |
|
|
|a [Česko :
|b s.n.],
|c 2008
|
| 300 |
|
|
|a [58] s. :
|b il. ;
|c 18 cm
|
| 655 |
|
7 |
|a česká poezie
|7 fd133958
|2 czenas
|
| 655 |
|
7 |
|a výbory
|7 fd133853
|2 czenas
|
| 655 |
|
9 |
|a Czech poetry
|2 eczenas
|
| 655 |
|
9 |
|a selected works
|2 eczenas
|
| 700 |
1 |
|
|a Sobotka, Jakub,
|d 1968-
|7 mzk2002156936
|4 ill
|
| 910 |
2 |
|
|a BOA001
|b 1-1245.418
|
| 990 |
|
|
|a BK
|
| 995 |
|
|
|a 01
|
| 991 |
|
|
|b 201007
|e b
|
| 996 |
6 |
|
|b 2610441782
|c 1-1245.418
|l MZK
|r Sklad / do 1 hodiny
|n 0
|p p.v.
|w 001130618
|u 000010
|a 1
|e BOA001
|j MZK50
|s P
|